000 00704nam a2200289Ia 4500
005 20260324141149.0
008 008 260324s9999 xx 000 0 eng d
020 _a9780203477021
037 _aEBOOK
040 _aCRL
040 _beng
040 _cCRL
041 _2eng
041 _aeng
084 _qCRL
100 _aH.P. Rossmanith
_91207167
245 0 _aFailures and the Law
245 0 _bStructural Failure, Product Liability and Technical Insurance 5
260 _bTaylor and Francis
260 _c1997
365 _a
365 _b320
856 _uhttp://www.taylorfrancis.com/books/9780203477021
942 _cEBOOK
999 _c1809962
_d1809962